Encyclopaedia of higher education in the 21st century / (Record no. 136413)
[ view plain ]
| 000 -LEADER | |
|---|---|
| fixed length control field | 00865nam a22002297a 4500 |
| 010 ## - LIBRARY OF CONGRESS CONTROL NUMBER | |
| LC control number | B-121615 |
| 020 ## - INTERNATIONAL STANDARD BOOK NUMBER | |
| International Standard Book Number | 8176295876(Set) |
| 035 ## - SYSTEM CONTROL NUMBER | |
| System control number | B-121615 |
| 037 ## - SOURCE OF ACQUISITION | |
| Source of stock number/acquisition | Cen Lib / Ret |
| 040 ## - CATALOGING SOURCE | |
| Original cataloging agency | DPL |
| Language of cataloging | EN |
| 082 ## - DEWEY DECIMAL CLASSIFICATION NUMBER | |
| Classification number | 378.003 |
| Item number | GOY |
| 100 ## - MAIN ENTRY--PERSONAL NAME | |
| Personal name | Goel, Aruna |
| 245 ## - TITLE STATEMENT | |
| Title | Encyclopaedia of higher education in the 21st century / |
| Statement of responsibility, etc | by Aruna Goel and S. L. Goel |
| 260 ## - PUBLICATION, DISTRIBUTION, ETC. (IMPRINT) | |
| Place of publication, distribution, etc | Delhi |
| Name of publisher, distributor, etc | Deep and Deep Publication Pvt Ltd |
| Date of publication, distribution, etc | 2005 |
| 270 ## - ADDRESS | |
| Address | WZ Plot no. 3, Gujjar Market |
| City | New Delhi |
| Postal code | 110018 |
| 300 ## - PHYSICAL DESCRIPTION | |
| Extent | 3 v. (v 2. xxxi, 542p ; v 3. 547p.) |
| Other physical details | 24cm |
| 505 ## - FORMATTED CONTENTS NOTE | |
| Formatted contents note | 3 v. ; v 1. Organisations, administration and function (not available) ; v 2. Quality and excellence ; v 3. Extension education services |
| 650 ## - SUBJECT ADDED ENTRY--TOPICAL TERM | |
| Topical term or geographic name as entry element | Education, Higher --Dictionary |
| 650 ## - SUBJECT ADDED ENTRY--TOPICAL TERM | |
| Topical term or geographic name as entry element | Education -- Higher. |
| 700 ## - ADDED ENTRY--PERSONAL NAME | |
| Personal name | Goel, S. L. |
| 942 ## - ADDED ENTRY ELEMENTS (KOHA) | |
| Source of classification or shelving scheme | Dewey Decimal Classification |
| Koha item type | English Books |
| Classification part | 378.003 |
| Call number suffix | GOY |
| Withdrawn status | Lost status | Materials specified (bound volume or other part) | Damaged status | Not for loan | Collection code | Home library | Current library | Date acquired | Source of acquisition | Total Checkouts | Full call number | Barcode | Date last seen | Copy number | Price effective from | Koha item type |
|---|---|---|---|---|---|---|---|---|---|---|---|---|---|---|---|---|
| v 3 | Not For Loan | Reference | Central Library | Central Library | 01/03/2016 | Cen Lib/Ret | 378.003 GOY | B-121620 | 01/03/2016 | 3 | 01/03/2016 | English Books | ||||
| v 2 | Not For Loan | Reference | Central Library | Central Library | 01/03/2016 | Cen Lib/Ret | 378.003 GOY | B-121615 | 01/03/2016 | 2 | 27/07/2016 | English Books |
